000 00512nam a22001577a 4500
999 _c18179
_d18179
008 200127b xxu||||| |||| 00| 0 eng d
020 _a0321246772
040 _aKABU
_cKABU
050 _aTK5105.59
_b.B45 2005 c. 1
100 _aBejtlich, Richard
245 _aThe Tao of network security monitoring
_bbeyond intrusion detection
_cRichard Bejtlich
260 _aBoston
_bAddison-Wesley
_c2005
300 _axxxiv, 798 p.
650 _aComputer networks
_xSecurity measures
942 _2lcc
_cBK
_hTK5105.59